Govt. of
Madhya Pradesh

Dalit Assertion in Society History and Literature (Record no. 42260)

MARC details
000 -LEADER
fixed length control field 004070000a22001570004500
003 - CONTROL NUMBER IDENTIFIER
control field MACL
005 - DATE AND TIME OF LATEST TRANSACTION
control field 20150702165740.0
008 - FIXED-LENGTH DATA ELEMENTS--GENERAL INFORMATION
fixed length control field 150702b xxu||||| |||| 00| 0 eng d
040 ## - CATALOGING SOURCE
Original cataloging agency MACL
Transcribing agency MACL
100 ## - MAIN ENTRY--PERSONAL NAME
Personal name Ahmad, Imtiaz
9 (RLIN) 384
245 ## - TITLE STATEMENT
Title Dalit Assertion in Society History and Literature
260 ## - PUBLICATION, DISTRIBUTION, ETC. (IMPRINT)
Name of publisher, distributor, etc. Deshkal Publication
Date of publication, distribution, etc. 2007
350 ## - PRICE (NR) (BK AM CF MU VM SE) [OBSOLETE]
Price 595
650 ## - SUBJECT ADDED ENTRY--TOPICAL TERM
Topical term or geographic name as entry element Sociology
9 (RLIN) 19
942 ## - ADDED ENTRY ELEMENTS (KOHA)
Koha item type Books
Call number prefix 300/AHM
Source of classification or shelving scheme
Holdings
Withdrawn status Lost status Source of classification or shelving scheme Damaged status Not for loan Home library Current library Date acquired Cost, normal purchase price Total Checkouts Full call number Barcode Date last seen Date last checked out Uniform Resource Identifier Price effective from Koha item type
          MACL MACL 15/04/2015 595.00 1 300/AHM CRE024834 07/07/2024 06/07/2024 42532 15/04/2015 Books